| Tag |
First Indicator |
Second Indicator |
Subfields |
| LEADER |
00000cgm a2200000 a 4500 |
| 001 |
in00000034464 |
| 005 |
20151007060728.0 |
| 007 |
vf bbaho| |
| 008 |
870309p19871952cau098|g||||| 0vleng d |
| 035 |
|
|
|a (OCoLC)15289945
|
| 035 |
|
|
|9 AAC1594AM
|
| 040 |
|
|
|a VWP
|c VWP
|d m/c
|d TXA
|d UtOrBLW
|
| 049 |
|
|
|a TXAV
|c [A10157610]
|
| 050 |
|
4 |
|a PN1997
|b .A37 1987
|
| 245 |
0 |
0 |
|a Androcles and the lion /
|c RKO Radio Pictures, Inc. ; director, Chester Erskine ; producer, Gabriel Pascal ; screen adaptation, Chester Erskine and Ken Englund.
|
| 264 |
|
1 |
|a Los Angeles, Calif. :
|b Embassy Home Entertainment,
|c [1987]
|
| 264 |
|
4 |
|c ©1987
|
| 300 |
|
|
|a 1 videocassette (98 min.) :
|b sound, black and white ;
|c 1/2 in.
|
| 336 |
|
|
|a two-dimensional moving image
|b tdi
|2 rdacontent
|
| 337 |
|
|
|a video
|b v
|2 rdamedia
|
| 338 |
|
|
|a videocassette
|b vf
|2 rdacarrier
|
| 490 |
1 |
|
|a The classic collection
|
| 538 |
|
|
|a VHS.
|
| 511 |
1 |
|
|a Jean Simmons, Victor Mature, Alan Young, Maurice Evans, Robert Newton.
|
| 508 |
|
|
|a Director of photography, Harry Stradling ; film editor, Roland Gross ; music, Frederic Hollander.
|
| 500 |
|
|
|a Videocassette release of the 1952 motion picture.
|
| 500 |
|
|
|a Based on an original story by George Bernard Shaw.
|
| 520 |
|
|
|a Androcles, a tailor in Imperial Rome, volunteers to be the first Christian to face a hungry lion in the Coliseum because he once took a thorn from the animal's paw.
|
| 500 |
|
|
|a Videorecording.
|
| 650 |
|
0 |
|a Feature films.
|
| 700 |
1 |
|
|a Simmons, Jean,
|d 1929-2010.
|
| 700 |
1 |
|
|a Mature, Victor.
|
| 700 |
1 |
|
|a Young, Alan.
|
| 700 |
1 |
|
|a Shaw, Bernard,
|d 1856-1950.
|t Androcles and the lion.
|
| 700 |
1 |
|
|a Erskine, Chester,
|d 1905-1986.
|
| 710 |
2 |
|
|a RKO Radio Pictures.
|
| 710 |
2 |
|
|a Embassy Home Entertainment (Firm)
|
| 830 |
|
0 |
|a Classic collection.
|
| 999 |
|
|
|a MARS
|
| 999 |
f |
f |
|s c2cd8592-a615-3c5b-a995-0da5f52d0da0
|i 240560a9-ff15-3f93-b89a-78e1101a1deb
|t 0
|
| 952 |
f |
f |
|p ric
|a Texas A&M University
|b Rellis Campus
|c Joint Library Facility
|d Remote Storage
|t 0
|e PN1997 .A37 1987
|h Library of Congress classification
|i video -- videocassette
|m A14826490628
|
| 998 |
f |
f |
|a PN1997 .A37 1987
|t 0
|l Remote Storage
|